000 02478cam a2200337 i 4500
001 2790
003 FISKH
005 20240610145227.0
008 140117s2014 nyu 000 0aeng
010 _a 2013048959
020 _a9780812994261
020 _z9780812994278 (ebook)
040 _aDLC
_beng
_cDLC
_erda
_dDLC
042 _apcc
050 0 0 _aPN2287.K44
_bA3 2014
082 0 0 _a791.4302/8092
_aB
_223
100 1 _aKeaton, Diane.
245 1 0 _aLet's just say it wasn't pretty /
_cDiane Keaton.
260 _aNew York :
_bRandom House,
_c2014.
300 _a192 pages ;
_c22 cm
336 _atext
_2rdacontent
337 _aunmediated
_2rdamedia
338 _avolume
_2rdacarrier
520 _aDiane Keaton has spent a lifetime coloring outside the lines of the conventional notion of beauty. In Let's Just Say It Wasn't Pretty, she shares the wisdom she's accumulated through the years as a mother, daughter, actress, artist, and international style icon. This is a book only Diane Keaton could write a smart and funny chronicle of the ups and downs of living and working in a world obsessed with beauty. In her one-of-a-kind voice, Keaton offers up a message of empowerment for anyone who's ever dreamed of kicking back against the should and supposed to that undermine our pursuit of beauty in all its forms. From a mortifying encounter with a makeup artist who tells her she needs to get her eyes fixed to an awkward excursion to Victoria's Secret with her teenage daughter, Keaton shares funny and not-so-funny moments from her life in and out of the public eye. For Diane Keaton, being beautiful starts with being true to who you are, and in this book she also offers self-knowing commentary on the bold personal choices she's made through the years: the wide-brimmed hats, outrageous shoes, and all-weather turtlenecks that have made her an inspiration to anyone who cherishes truly individual style and catnip to paparazzi worldwide. She recounts her experiences with the many men in her life including Warren Beatty, Jack Nicholson, Al Pacino, and Sam Shepard shows how our ideals of beauty change as we age, and explains why a life well lived may be the most beautiful thing of all.
600 1 0 _aKeaton, Diane.
650 0 _aMotion picture actors and actresses
_zUnited States
_vBiography.
650 0 _aBody image in women.
650 0 _aBeauty, Personal.
906 _a7
_bcbc
_corignew
_d1
_eecip
_f20
_gy-gencatlg
942 _2ddc
_cBK
_n0
999 _c2790
_d2790